Finance of international trade / (Record no. 5870)

MARC details
000 -LEADER
fixed length control field 01187cam a2200193 4500
001 - CONTROL NUMBER
control field 6934
020 ## - INTERNATIONAL STANDARD BOOK NUMBER
International Standard Book Number 0750658525
082 04 - DEWEY DECIMAL CLASSIFICATION NUMBER
Classification number 332.042
Edition number 21
100 1# - MAIN ENTRY--PERSONAL NAME
Personal name Bishop, Eric
245 10 - TITLE STATEMENT
Title Finance of international trade /
Statement of responsibility, etc. Eric Bishop
260 ## - PUBLICATION, DISTRIBUTION, ETC.
Place of publication, distribution, etc. Oxford ;
-- Burlington, MA :
Name of publisher, distributor, etc. Elsevier Butterworth-Heinemann,
Date of publication, distribution, etc. 2004
300 ## - PHYSICAL DESCRIPTION
Extent xiv, 268 p. :
Other physical details ill. ;
Dimensions 24 cm
440 #0 - SERIES STATEMENT/ADDED ENTRY--TITLE
Title Essential capital markets
504 ## - BIBLIOGRAPHY, ETC. NOTE
Bibliography, etc. note Includes bibliographical references (p. [198]) and index
505 ## - FORMATTED CONTENTS NOTE
Formatted contents note Principle players; Cross-border trading; Contracts; Incoterms; Methods of Payment; Bills for Collection; Uniform Rules for Collections; The Irrevocable Documentary Credit; Guarantees; Standby Letters of Credit; International Standby Practices (ISP98); Uniform Rules for Demand Guarantees; Short Term Credit Insurance; Marine Insurance; Foreign Exchange Risk; Special Types of Credits; Financing; Forfeiting; Countertrade; Electronic Commerce for International Trade Settlement; Prevention of Fraud in International Trade; Appendices.Now updated to include the UCP600.
Miscellaneous information
Statement of responsibility
Title
650 #0 - SUBJECT ADDED ENTRY--TOPICAL TERM
Topical term or geographic name entry element International finance
Topical term or geographic name entry element International trade
General subdivision Finance
Holdings
Withdrawn status Lost status Source of classification or shelving scheme Damaged status Not for loan Collection code Home library Current library Shelving location Date acquired Serial Enumeration / chronology Inventory number Total Checkouts Total Renewals Full call number Barcode Date last seen Date last checked out Price effective from Koha item type
    Dewey Decimal Classification     Main TEST RTC Library RTC Library Main opac 27/11/2018 10761 1 1 332.042 BIS 30010656 02/08/2024 01/05/2024 27/11/2018 Main
Royal Thimphu College || All Right Reserved